| 000 | 01649cab a2200241 4500 | ||
|---|---|---|---|
| 001 | ABS49150 | ||
| 008 | 090401t1993 xxu||||| |||| 00| 0 eng d | ||
| 035 | _a(Sirsi) u70190 | ||
| 041 | _aeng | ||
| 245 | _aCurrie`s Exors v SoS for Scotland | ||
| 260 | _c1993 | ||
| 350 | _a0 | ||
| 490 |
_aEstates Gazette _v(1993) 32 EG 82-84(4) |
||
| 520 | _aLT for Scotland 18 March 1992. The SoS for Scotland scheduled an area of land under Ancient Monuments and Archaeological Areas Act 1979 s1. The owner had intended to turn part of the farm this land was on over to afforestation. The owners applied for scheduled monument consent in respect of the ploughing of land and planting of trees. This was refused. The owners claimed compensation under s7 of the Act based upon the open market value of the land with and without consent. It was held that Parliament intended that compensation should be payable only for loss or damage incurred as a result of refusal of scheduled monument consent calculated at the date of the refusal. It was unfortunate that at this time the value of forestry land had fallen considerably due to measures in the 1988 budget. It is likely that the plan for afforestation of the land would not have proceeded if schedule monument status had been granted therefore there was no difference between the value of the land in its | ||
| 650 | _aANCIENT MONUMENTS AND ARCHAEOLOGICAL AREAS ACT 1979 S1 | ||
| 650 | _aBRONZE AGE SETTLEMENT | ||
| 650 | _aBUDGET 1988 | ||
| 650 | _aMONUMENT OF NATIONAL IMPORTANCE | ||
| 650 | _aSCHEDULED MONUMENT CONSENT | ||
| 690 | _aCONSERVATION-CASE LAW | ||
| 942 | _n0 | ||
| 948 | _c04/03/1997 | ||
| 999 |
_c44155 _d44155 |
||